Olivia Rodrigo - Les Chansons traduites en français #4 - Statistiques

Statistiques générales
  • Ce quiz a été pris 13 fois
  • Le résultat moyen est 7 sur 9
Statistiques - réponses
Traductions Chansons % Correct
Crime préféré favorite crime
100%
Chanson stupide stupid song
100%
Jalousie, jalousie jealousy, jealousy
91%
Toutes les p*tes américaines all-american bitch
82%
L'amour c'est génant love is embarrassing
82%
Faire le lit making the bed
82%
Toi plus moi égal amour u + me = ˂3
73%
Attentes expectations
55%
La rancune the grudge
36%
Aucun quiz correspondant
Distribution des résultats
% des personnes avec chaque résultat
Percentile par nombre de réponses
Votre historique - résultats
Vous n’avez pas pris ce quiz